[Event "IECG CN.2001.0.00260"]
[Site "IECG email"]
[Date "2001.08.31"]
[Round "?"]
[White "Cayer, Jean"]
[Black "Felk, Markus"]
[Result "0-1"]
[WhiteElo "801"]
[BlackElo "800"]
[PlyCount "52"]
[EventDate "2001.08.31"]
[EventType "tourn (corr)"]
[EventRounds "6"]
[SourceTitle "Corr 2008"]
[Source "ChessBase"]
[SourceDate "2008.06.24"]
[SourceVersion "1"]
[SourceVersionDate "2008.06.24"]
[SourceQuality "1"]

1. e4 c6 2. Nc3 d5 3. exd5 cxd5 4. d4 Nc6 5. Nf3 Bg4 6. Be2 e6 7. 0-0 Bd6 8. Re1 Nge7 9. Ne5 Bxe2 10. Rxe2 Nf5 11. Nxf7 Kxf7 12. Nb5 Be7 13. c3 a6 14. Na3 Bd6 15. Nc2 Re8 16. Qd3 Qh4 17. h3 Kg8 18. Rxe6 Rxe6 19. Qxf5 Rg6 20. Qxd5+ Kh8 21. Ne1 Rf8 22. Be3 Ne7 23. Qxb7 Qxh3 24. Qxa6 Nf5 25. Qe2 Qh2+ 26. Kf1 Qh1# 0-1